000 00431 a2200145 4500
005 20250527093915.0
020 _a978-81-224-1154-6
082 _a658.8 RAJ
100 _aRAJAGOPAL.
245 _aMarketing: Concepts and Cases.
260 _aNew Delhi,
_bNew Age International LTD,
_c2000.
300 _avii, 192p.: figure, table
_bIndex
_c22cm
856 _yAccess Online Book
_fMarketing.
_dwww.newagepublishers.com
942 _2ddc
_cBKS
999 _c2716
_d2716